Statystyki dla Grupy geograficzne - piątki #2

Kliknij tutaj aby rozwiązać quiz!

Ogólne statystyki

  • Ten quiz został rozwiązany 1 530 razy
  • Średni wynik to 27 z 45

Statystyki odpowiedzi

GrupaOdpowiedź% Poprawnych
Kraje nordyckieFinlandia
98%
Kraje nordyckieNorwegia
98%
Kraje nordyckieSzwecja
98%
Kraje nordyckieDania
97%
OceanySpokojny
97%
Państwa Europy, gdzie francuski
jest językiem urzędowym
Francja
96%
Kraje nordyckieIslandia
95%
OceanyAtlantycki
94%
OceanyIndyjski
93%
Państwa Europy, gdzie francuski
jest językiem urzędowym
Belgia
87%
OceanyArktyczny
86%
Państwa Europy, gdzie francuski
jest językiem urzędowym
Szwajcaria
83%
Największe wyspy na KaraibachKuba
81%
Państwa Europy, gdzie francuski
jest językiem urzędowym
Luksemburg
81%
Państwa Europy, gdzie francuski
jest językiem urzędowym
Monako
79%
Najpowszechniej używane
języki romańskie
Włoski
75%
Największe wyspy na KaraibachJamajka
74%
Największe wyspy na KaraibachHaiti
73%
Najpowszechniej używane
języki romańskie
Hiszpański
72%
Najludniejsze miasta w KolumbiiBogota
70%
Najpowszechniej używane
języki romańskie
Francuski
70%
Najpowszechniej używane
języki romańskie
Rumuński
69%
Najpowszechniej używane
języki romańskie
Portugalski
66%
OceanyPołudniowy
61%
Stolice położone niżej niż równoleżnik 30°SCanberra
57%
Stolice położone niżej niż równoleżnik 30°SBuenos Aires
54%
Okręgi Nowego JorkuManhattan
53%
Okręgi Nowego JorkuBrooklyn
46%
Stolice położone niżej niż równoleżnik 30°SWellington
46%
Stolice położone niżej niż równoleżnik 30°SSantiago
44%
Wielkie Jeziora w
Ameryce Północnej
Michigan
43%
Największe wyspy na KaraibachTrynidad
43%
Stolice położone niżej niż równoleżnik 30°SMontevideo
40%
Najludniejsze miasta w KolumbiiMedellin
36%
Wielkie Jeziora w
Ameryce Północnej
Górne
31%
Największe wyspy na KaraibachPortoryko
31%
Okręgi Nowego JorkuBronx
30%
Wielkie Jeziora w
Ameryce Północnej
Ontario
30%
Wielkie Jeziora w
Ameryce Północnej
Erie
29%
Okręgi Nowego JorkuQueens
28%
Najludniejsze miasta w KolumbiiCali
25%
Wielkie Jeziora w
Ameryce Północnej
Huron
23%
Okręgi Nowego JorkuStaten Island
15%
Najludniejsze miasta w KolumbiiBarranquilla
13%
Najludniejsze miasta w KolumbiiCartagena
10%

Rozkład punktacji

Percentyl według liczby udzielonych odpowiedzi

Procent ludzi z każdym wynikiem

Twoja historia wyników

Nie rozwiązałeś tego quizu